000 00432nam a2200193Ia 4500
008 240510s9999 xx 000 0 und d
020 _a9789555734089
041 _asih
082 _a891.483
082 _bR14
100 _aRAJAKARUNANAYAKA,SUNETHRA
245 0 _aRidee Thiranganawa
260 _bNugegoda:Sarasavi Prakashakayo
260 _c2015
300 _a488 p.
650 _aNovel
942 _2ddc
942 _cLBK
999 _c29322
_d29322
945 _a1
_bMadushi Gamage
_c1
_dMadushi Gamage